| 000 | 00781nam a2200241 a 4500 | ||
|---|---|---|---|
| 008 | |||
| 020 | _a9839747770 (pbk.) | ||
| 049 | _aMAIN | ||
| 090 |
_aRC953.8.P58.G48 _bHOB |
||
| 100 | 1 | _aHobbs, Liz. | |
| 245 | 1 | 0 |
_aLife after injury : _ba rehabilitation manual for the injured and their helpers / _cLiz Hobbs, Susan McDonough and Ann O'Callaghan. |
| 260 |
_aPenang : _bThird World network, _c2002. |
||
| 300 |
_a593 p. : _bill. ; _c25 cm. |
||
| 500 | _aIncludes bibliographical references. | ||
| 650 | 1 | _aRehabilitation. | |
| 700 | _aO'Callaghan, Ann. | ||
| 700 | _aMcDonough, Susan. | ||
| 907 |
_a.b10270279 _b30-04-10 _c22-10-09 |
||
| 003 | |||
| 005 | 20230120204022.0 | ||
| 040 | _cNUST | ||
| 942 |
_cBOOKS _kRC953.8.P58.G48 _mHOB |
||
| 999 |
_c115667 _d115667 |
||